01293 a2200169 45000010006000000050017000060080041000230030015000640400040000790800124001192450038002432640042002813000019003235050743003420410008010851000030010935398520260407155810.0260407a1969 arg spa dAR-UNSa-BCEJYS aAR-UNSa-BCEJYSbspacAR-UNSa-BCEJYS a330.101xCiencia económica en general. La economía y sus problemas. Objeto y métodos de la economía política 10aEconómia política y Argentina 1aBuenos Aires :bManuel Belgranoc1969 a398 p.c23 cm. aI. Concepto y objeto de la economía política - II. Recursos económicos y población - III. Los factores de producción - IV. La moneda: "Patrón" de cambio e instrumento movilizador de los factores productivos - V. Método y auxiliares de la ciencia económica - VI. Producto e ingreso nacional.Estimación y componentes - VII. Elaboración y destino del producto-ingreso nacional - VIII. Fluctuaciones del producto-ingreso nacional: Causas determinantes - IX. El desarrollo económico - X. Contextura del mercado y formación de los precios.Competencia perfecta - XI. Precio de los productos y precio de los factores.Teoría del valor - XII. Competencia imperfecta - XIII. Monopolio y otras formas irregulares del mercado aspa1 aBeveraggi Allende, Walter